Football by Letter - H - Statistics

General Stats
  • This quiz has been taken 87 times
  • The average score is 12 of 15
Answer Stats
Hint Answer % Correct
Current England National Team captain, scored 337 goals for club and country but never won a trophy {Harry} Kane
99%
French striker who used to play for Arsenal and Barcelona Thierry {Henry}
98%
Nicknamed 'Chicharito', the Mexican forward has played for Manchester United and Real Madrid on loan Javier {Hernández}
91%
Argentine forward who missed a huge 1-on-1 in the 2014 World Cup final Gonzalo {Higuaín}
90%
Moroccan winger who has played for Ajax and now playing for Chelsea, had his loan to Paris Saint-Germain cancelled for document errors {Hakim} Ziyech
90%
Paris Saint-Germain full back who used to play for Real Madrid, Borussia Dortmund and Inter Milan Achraf {Hakimi}
85%
Bundesliga football club based in Berlin, their kit is a white and blue striped shirt just like their badge (a white and blue flag) {Hertha} Berlin
84%
Serie A club based in Verona {Hellas} Verona
83%
Ferencváros is the most successful club in this country with 33 Nemzeti Bajnokság I titles Hungary
83%
Kane's Korean partner at Tottenham Hotspur, considered to be the best Korean player of all time with Park Ji-Sung Son {Heung-Min}
83%
Israeli club who got destroyed by Benfica, Juventus and Paris Saint-Germain in Champions League 22/23 Group H Maccabi {Haifa}
80%
Current German National Team manager who used to coach Bayern Munich {Hans-Dieter} Flick
78%
English football club based in a riverside/major port city and last played in the Premier League in 16/17 season Hull City
75%
German midfielder Thomas Müller was accused of performing animal abuse of his pet, but what kind of animal is the victim? Horse
59%
Colombian goalkeeper nicknamed 'El Loco' (The Madman) who is famous for his scorpion save against England in 1995. He is also considered to be the pioneer of modern goalkeeper position René {Higuita}
54%
No matching quizzes found
Score Distribution
Percent of People with Each Score
Percentile by Number Answered
Your Score History
You have not taken this quiz